[Event "Promotion Meyreuil 04/05"]
[Site "?"]
[Date "2005.03.19"]
[Round "8"]
[White "Wilfert, Fabrice"]
[Black "Gozzo, Jean-Claude"]
[Result "1-0"]
[WhiteElo "2013"]
[BlackElo "1590"]
[PlyCount "67"]

1. e4 e6 2. d4 d5 3. Nc3 Nf6 4. Bg5 Bb4 5. e5 h6 6. exf6 hxg5 7. fxg7 Rg8 8. h4
gxh4 9. Qh5 Qf6 10. Qxh4 Qxg7 11. Nf3 Be7 $6 {
Il faut continuer son développement} 12. Qf4 Bd6 13. Qe3 Bb4 14. O-O-O Bxc3 $6
$16 {4eme coup consécutif du B des cases noires, puis échange de ce bon B,
seule pièce développée, ... c'est trop !} (14... c6 {Fritz opte pour un
renforcement du centre avant de rattraper le retard de développement} 15. g3
Nd7 16. Ne2 Bd6 17. Rh5 Nf6 18. Rg5 Qf8 19. Rxg8 Qxg8 $11) 15. Qxc3 f6 16. Bd3
c6 17. Rh7 Qf8 18. Nh4 Nd7 19. Rh1 Nb6 $6 $18 (19... f5 $5 {
pour laisser f6 au N et limiter l'action du B noir} 20. Be2 Nf6 21. Bh5+ Nxh5
22. Rxh5 $16) 20. Ng6 $1 Qd6 21. Re7+ Kd8 22. Rhh7 Bd7 $18 {
pas le plus résistant} (22... Nd7 {est plus résistant, malgré la passivité} 23.
Ref7 Re8 24. f4 Nf8 25. Nxf8 Rxf8 26. g3 Rxf7 27. Rxf7 $16) 23. a4 $2 $11 {
donne l'occasion aux Noirs de revenir dans la partie} (23. Qc5 $1 {
accroit la pression} Kc7 (23... Qxc5 $2 24. dxc5 e5 25. cxb6 Be8) 24. Ref7 Rad8
25. Qxd6+ Kxd6 26. Rxf6 c5 27. dxc5+ Kxc5 $18) 23... a5 $2 {occasion raté ...}
(23... Be8 $1 24. Nh4 Nd7 $14) 24. Qc5 $1 Kc7 25. b4 (25. Ref7 {
pour accroître l'avantage tranquillement} Rgd8 26. b3 Nc8 $18) 25... Rgd8 26.
bxa5 (26. Nf8 $5 {variante intéressante donnée par Fritz ...} Rxf8 27. bxa5
Qxc5 28. dxc5 Rfd8 29. cxb6+ Kd6 30. a6 bxa6 31. a5 $18) 26... Qxc5 27. dxc5
Nxa4 28. Rxe6 Nxc5 29. Rxf6 Nxd3+ (29... Rxa5 $5 30. Ne5 Kb6 $16) 30. cxd3 Rxa5
(30... d4 $5 31. a6 $1 Rxa6 32. Nf8 c5 33. Rxa6 Rxf8 34. Ra2 Kd6 35. g4 $16)
31. Ne5 (31. Nf8 {gagne très simplement} Ra1+ (31... d4 $2 32. Ne6+) 32. Kc2
Ra2+ 33. Kb3 Re2 34. Ne6+ Rxe6 35. Rxe6 $18) 31... Kc8 32. Rff7 Be8 33. Rxb7
Ra2 $4 {abrège les souffrances} (33... Rd6 {
pour éviter le mat, mais la partie ne sera pas sauvée} 34. g4 Re6 35. f4 Ra4
36. Rhc7+ Kd8 37. Rg7 Kc8 38. Ra7 $18) 34. Rhc7# 1-0

[Event "Promotion Meyreuil 04/05"]
[Site "?"]
[Date "2005.03.19"]
[Round "8"]
[White "Bordenave, Robert"]
[Black "Mallet, Bruno"]
[Result "1/2-1/2"]
[WhiteElo "1670"]
[BlackElo "1520"]
[PlyCount "46"]

1. d4 c5 2. c3 e6 3. Nf3 d5 4. Bf4 Bd6 5. Bxd6 Qxd6 6. e3 Nf6 7. Be2 O-O 8. O-O
c4 9. Nbd2 Nbd7 10. b3 cxb3 11. axb3 b6 12. c4 Bb7 13. Qb1 a5 14. Rc1 Rfc8 15.
Bd3 e5 $5 {lutte pour le centre} 16. Nxe5 Nxe5 17. dxe5 Qxe5 18. Nf3 Qd6 19.
Nd4 $15 (19. Rd1 {pour continuer à "pressuriser" le centre} Rd8 20. Ng5 g6 21.
Nf3 Rac8 22. Be2 Qc7 23. Nd4 dxc4 $11) 19... g6 {solide ... et annulant} (19...
dxc4 $5 {et le jeu continue !} 20. Rxc4 Ng4 21. g3 Qd5 22. e4 Qh5 23. Nf3 $15)
20. Bf1 Ne4 21. Qb2 Qb4 22. Ra4 Qc5 23. Raa1 Qb4 1/2-1/2

[Event "Promotion Meyreuil 04/05"]
[Site "?"]
[Date "2005.03.19"]
[Round "8"]
[White "Kolb, Sebastien"]
[Black "Jullien, Patrick"]
[Result "1-0"]
[WhiteElo "2040"]
[BlackElo "1700"]
[PlyCount "99"]

1. e4 e5 2. Nf3 Nc6 3. d4 exd4 4. Nxd4 Nf6 5. Nxc6 dxc6 $6 $14 {
la mauvaise prise} (5... bxc6 6. e5 Qe7 7. Qe2 Nd5 8. c4 Ba6 9. b3 {
est une des lignes principales de la théorie}) 6. Qxd8+ Kxd8 7. f3 h6 8. Be3
Bb4+ 9. c3 Ba5 10. Na3 Be6 11. O-O-O+ Kc8 12. Bc4 Re8 13. Bd4 b5 14. Bxf6 gxf6
15. Bxe6+ fxe6 16. Rd3 Kb7 17. Rhd1 Rg8 18. g3 Rg7 19. Rd7 Rag8 20. Rxg7 Rxg7
21. Rd8 f5 22. exf5 exf5 23. Rf8 Rg5 24. Nc2 Bb6 25. Nd4 Bxd4 26. cxd4 c5 $16 (
26... b4 $5 {prépare c5}) 27. dxc5 f4 $18 (27... a5 $5 28. Kc2 Kc6 29. Rf6+
Kxc5 30. Rxh6 $16) 28. Rxf4 Rxc5+ 29. Kd2 Rd5+ 30. Kc3 Rd6 31. Re4 c5 32. h4
Kc6 33. g4 Kd5 34. Rf4 b4+ 35. Kc2 c4 $6 (35... Ra6 $5 36. Rf5+ Kd4 37. Kb3 Re6
38. Rf4+ Kd5 39. Rf8 Kd4 40. Rf7 $16) 36. b3 $1 cxb3+ 37. Kxb3 Ke5 38. Re4+ Kf6
39. Kxb4 {gagne un 2ème P = fin de la partie ...} Rd2 40. a4 Rf2 41. Re3 Rh2
42. h5 Kg5 43. Re5+ Kf4 44. Rf5+ Ke3 45. Kb5 Kd4 46. a5 Rb2+ 47. Kc6 Rb3 48.
Kd6 Kc4 49. Ke6 Rb8 50. Kf7 1-0

[Event "Promotion Meyreuil 04/05"]
[Site "?"]
[Date "2005.03.19"]
[Round "8"]
[White "Alpe, Jean-Charles"]
[Black "Briquet, Xavier"]
[Result "1/2-1/2"]
[WhiteElo "1490"]
[BlackElo "1490"]
[PlyCount "87"]

1. c4 e5 2. g3 Nc6 3. Bg2 Nf6 4. e4 Be7 5. Ne2 d6 6. O-O Bg4 7. h3 Bxe2 8. Qxe2
Nd4 9. Qd1 c6 10. Nc3 O-O 11. d3 Rc8 12. Be3 a6 13. b3 b5 14. Ne2 Ne6 15. f4
exf4 16. Nxf4 Nxf4 17. Bxf4 Qb6+ 18. Kh2 Rfd8 19. Re1 Kf8 20. Be3 Qc7 21. Qe2
d5 22. Qf2 Rd7 $6 $16 (22... Bd6 23. c5 Be7 24. Bf4 Qd7 25. e5 Nh5 26. d4 Nxf4
27. Qxf4 $14) 23. Bf4 $16 (23. Bb6 $5 {profite du manque d'espace des noirs}
Qe5 24. Bd4 Qh5 25. Bf3 Qg6 26. e5 Ne8 27. Bg4 Rcd8 $18) 23... Qd8 24. e5 $1
Nh5 25. e6 Rb7 26. Bc7 (26. cxd5 $5 cxd5 27. Bc7 Qe8 28. Be5 Nf6 $16) 26... Qe8
27. Be5 dxc4 28. dxc4 Bf6 29. Bd6+ Kg8 30. Rac1 $6 $11 (30. Qf5 fxe6 31. Rxe6
Qd7 32. Rae1 g6 $16) 30... Bg5 $2 31. exf7+ (31. Qf5 $1 Bxc1 32. exf7+ Rxf7 33.
Rxe8+ Rxe8 34. Qxh5 $18) 31... Qxf7 32. Qxf7+ $14 (32. Qc5 $1 h6 33. Bd5 cxd5
34. Qxc8+ Kh7 35. Rc2 bxc4 36. bxc4 Qg6 $18) 32... Rxf7 33. Rc2 Rf6 $2 (33...
Rd7 34. Bb4 bxc4 35. Rxc4 Nf6 36. Rxc6 Rxc6 37. Bxc6 Rc7 38. Bg2 $18) 34. Bc5
$2 (34. Be7 $1 Rg6 35. Be4 Re8 36. Bxg6 hxg6 37. Rce2 $18) 34... Rd8 $2 35.
Rce2 $2 (35. Be7 $18) 35... Rf5 36. Be3 $6 $11 {donne l'égalité ...} (36. Bb4
bxc4 37. bxc4 Nf6 38. Bxc6 Rd4 39. Ba4 Rf3 40. Kg2 Rdd3 41. Bd6 $18) 36... Nf6
$2 (36... Bxe3 37. Rxe3 Nf6 38. cxb5 cxb5 39. R1e2 Kf7 40. Re7+ Kg6 41. R7e6
$11) 37. Bxg5 Rxg5 38. cxb5 $2 (38. Bxc6 {
permet encore d'espérer le gain avec un P de plus} bxc4 39. bxc4 Rd3 40. g4 Rc5
41. Ba4 h5 42. Bc2 Rd8 43. Bf5 $16) 38... cxb5 39. Bb7 a5 40. Kg2 Kf7 41. Re7+
Kg6 42. R1e2 Rd3 43. R7e3 Rxe3 44. Rxe3 1/2-1/2

[Event "Promotion Meyreuil 04/05"]
[Site "?"]
[Date "2005.04.09"]
[Round "9"]
[White "Jullien, Patrick"]
[Black "Alpe, Jean-Charles"]
[Result "1/2-1/2"]
[WhiteElo "1700"]
[BlackElo "1490"]
[PlyCount "80"]

1. e4 e5 2. Nf3 Nf6 3. Nxe5 d6 4. Nf3 Nxe4 5. d4 d5 6. Bd3 Be7 7. O-O Nc6 8. c4
O-O 9. cxd5 Qxd5 10. Re1 Bf5 11. Qe2 Nf6 12. Nc3 Qd7 13. Bf4 Bxd3 14. Qxd3 Bd6
15. Bg5 Nb4 $1 $11 16. Qe2 Rae8 17. Ne5 Bxe5 18. dxe5 Nfd5 19. Nxd5 Nxd5 20.
Rad1 Re6 21. Qc4 c6 22. f4 Rfe8 23. Bh4 f6 24. exf6 Rxe1+ 25. Bxe1 gxf6 26. Qd4
$15 (26. Bg3 $5 a6 27. Qf1 Re4 28. Re1 Qe8 29. f5 b6 30. Rc1 Rd4 $11) 26... b6
$11 (26... Qf5 $5 {les pièces noires sont mieux placées} 27. Bg3 Qc2 28. Qd3
Qxd3 29. Rxd3 Re2 30. Ra3 a6 31. b3 $15) 27. Bh4 (27. Qc4 $5 Qe6 28. Bg3 Qe2
29. Qc1 Re4 30. b3 $11) 27... Kf7 28. Bxf6 $5 Qf5 $16 {
les compensations ne sont pas suffisantes pour le P} (28... Re2 $1 29. h3 Qe6
30. Bh8 Qg6 31. g4 h5 $15) 29. Be5 Rg8 30. Qd3 Ke6 31. Qxf5+ Kxf5 32. Rf1 $6
$14 {trop passif} (32. g3 $1 {
permet de consolider l'avantage sur l'aile K en gardant la R active} h5 33. Kf2
h4 34. Kf3 a6 35. Rc1 hxg3 36. hxg3 c5 37. Rh1 Kg6 38. g4 $18) 32... Nb4 33. a3
Nd5 {un coup pour rien ...} (33... Nd3 $5 34. Bc3 c5 35. g3 b5 36. Rd1 c4 $14)
34. h3 $16 h5 35. Rf2 (35. Rf3 {
c'est sur cette aile qu'il faut essayer de progresser} h4 36. Kf2 Ra8 37. g3
$16) 35... Rg6 $16 36. Bb8 a6 37. Be5 b5 38. Bb8 Re6 39. Be5 (39. g3 $5 Re3 40.
Kh2 Rd3 41. Re2 Ne3 42. Bc7 Nc4 43. Kg2 a5 $14) 39... Rg6 $14 40. Bb8 Re6
1/2-1/2

[Event "Promotion Meyreuil 04/05"]
[Site "?"]
[Date "2005.04.09"]
[Round "9"]
[White "Gozzo, Jean-Claude"]
[Black "Bordenave, Robert"]
[Result "1/2-1/2"]
[WhiteElo "1590"]
[BlackElo "1670"]
[PlyCount "61"]

1. d4 d5 2. Nf3 c6 3. Bf4 Nf6 4. e3 Bf5 5. Nbd2 e6 6. Be2 Bd6 7. Ne5 O-O 8. c3
Qc7 9. O-O Nbd7 10. Ndf3 Be4 11. Nxd7 Nxd7 12. Bxd6 Qxd6 13. Rc1 e5 14. Ng5 Bg6
15. f4 exf4 16. exf4 f6 17. Nh3 Be4 18. f5 Rfe8 19. Bd3 Bxd3 20. Qxd3 Re4 21.
Qf3 $5 $15 {laisse la colonne e} (21. Rce1 Rae8 22. Rxe4 dxe4 23. Qc4+ Kh8 $11)
21... Rae8 $15 22. Nf4 Nf8 $1 {controle e6} 23. Rc2 Qe7 24. Rcf2 Re3 25. Qh5
Qf7 26. Qh4 $6 {l'échange est probablement plus raisonnable} R8e7 27. Rf3 Rxf3
28. Rxf3 Qe8 29. Rh3 $6 $17 {
la R n'a rien a faire ici ... le jeu des Noirs est facilité} (29. Rf1 Re3 30.
Qf2 Qe4 $15) 29... Re3 $6 $15 {permet aux Noirs de défendre} (29... Re1+ $5 30.
Kf2 Qe4 31. Qh5 Qb1 32. Nd3 Rf1+ 33. Ke3 Qxa2 34. Qg4 $17) 30. Rxe3 $2 $19 {
mais ce n'est pas la bonne défense} (30. Kf2 Re4 31. Qg4 $15) 30... Qxe3+ 31.
Qf2 (31. Qf2 Qc1+ 32. Qf1 Qxb2 33. Qe1 Qxa2 34. Ne6 a5 $19) 1/2-1/2

[Event "Promotion Meyreuil 04/05"]
[Site "?"]
[Date "2005.04.09"]
[Round "9"]
[White "Nakache, Jonathan"]
[Black "Wilfert, Fabrice"]
[Result "1-0"]
[WhiteElo "1660"]
[BlackElo "2017"]
[PlyCount "65"]

1. e4 e5 2. Nf3 Nf6 3. Nxe5 Nxe4 $2 {une erreur d'ouverture} (3... d6 {
est obligatoire} 4. Nf3 Nxe4 $11) 4. Qe2 Qe7 5. Qxe4 d6 6. Bc4 $2 (6. d4 $1 {
est le coup "théorique"} dxe5 (6... Nc6 7. Bb5 $16) (6... Nd7 7. f4 $16) 7.
dxe5 Nc6 8. Bb5 Bd7 9. Nc3 O-O-O (9... Nxe5 $2 10. Nd5 Qd6 11. Bf4 $18) (9...
Qxe5 $2 10. Bxc6 $18) 10. Bf4 g5 11. Bg3 Bg7 12. O-O-O $16 {
et les Blancs ont un bon P de plus}) 6... dxe5 $11 7. O-O Nc6 8. d3 f5 9. Qe1
Be6 10. Nd2 O-O-O 11. Bxe6+ $15 (11. b3 $5 $11) 11... Qxe6 12. Nc4 Bd6 13. Bd2
Rhe8 14. Bc3 Bc5 15. b4 $1 Bb6 (15... Bd4 $5 16. b5 Bxc3 17. Qxc3 Nd4 18. Rfe1
e4 19. a4 Qg6 $15) 16. a4 (16. Nxb6+ $5 {est aussi intéressant} axb6 17. a4 Qg6
18. Qd2 Nd4 19. Bxd4 Rxd4 20. a5 b5 $11) 16... Bd4 17. b5 Bxc3 18. Qxc3 Nd4 19.
Rfe1 Qg6 $6 $14 {pas le plus précis} (19... e4 $5 20. Kh1 Qf6 21. Rad1 exd3 22.
cxd3 $11) 20. Nxe5 Qf6 21. f4 $1 (21. Nc4 $4 {
le N blanc ne peut pas bouger sous peine de perdre la Q blanche} Ne2+ 22. Kf1
Qxc3 $19) 21... g5 $14 22. fxg5 $6 (22. a5 Nxb5 23. Qc5 Nd4 24. Qxa7 Qa6 25.
Qc5 (25. Qxa6 bxa6 26. Ra2 gxf4 27. Kf2 $11) 25... Ne6 26. Qf2 Nxf4 27. Nf7
Rxe1+ 28. Rxe1 Rg8 29. Qc5 Qf6 $14) 22... Qg7 23. Qa5 $17 (23. b6 $5 {
intéressant, mais pas plus efficace} axb6 24. a5 Rxe5 25. axb6 Rxe1+ 26. Qxe1
Nxc2 27. Qe6+ Kb8 28. Ra4 Nd4 $17) 23... Rxe5 $19 24. Qxa7 {#} Rde8 $2 $11 (
24... Nxc2 $1 25. Rxe5 Qxe5 26. Rf1 Qe3+ $19) 25. Rf1 $1 Nxc2 26. Rac1 Ne3 $2
$16 (26... Re1 $1 27. Rcxe1 (27. Rxc2 $4 Rxf1+ 28. Kxf1 Qa1+ 29. Kf2 Qe1+ 30.
Kf3 Qd1+ $19) 27... Nxe1 28. Qa8+ Kd7 29. Qxb7 $13) 27. Qa8+ $16 Kd7 28. Qxb7
Rc8 29. b6 Nd5 $2 {une dernière imprécision dans une position difficile} (29...
Kd8 $1 {résiste mieux} 30. bxc7+ Kd7 31. Qc6+ Ke7 32. d4 Re6 33. Qc5+ Ke8 34.
d5 $16) 30. d4 $1 $18 Qxg5 31. dxe5 Qe3+ (31... Nxb6 {ne vaut pas mieux} 32. a5
Qe3+ 33. Kh1 Qe4 34. Qxe4 fxe4 35. axb6 c5 36. b7 $18) 32. Kh1 Qd4 33. Rfd1 1-0